[Event "Anzere op 1st"]
[Site "Anzere"]
[Date "2011.03.20"]
[Round "6"]
[White "Makawitage, Sandu"]
[Black "Makawitage, Hiru"]
[Result "0-1"]
[WhiteElo "1775"]
[BlackElo "1721"]
[PlyCount "58"]
[EventDate "2011.03.17"]
[EventType "swiss"]
[EventRounds "7"]
[EventCountry "SUI"]
[SourceTitle "CBM 141 Extra"]
[Source "ChessBase"]
[SourceDate "2011.05.03"]
[SourceVersion "1"]
[SourceVersionDate "2011.05.03"]
[SourceQuality "1"]

1. d4 d5 2. c4 c6 3. Nf3 Nf6 4. Bg5 Nbd7 5. Nc3 e6 6. Rc1 Be7 7. h3 0-0 8. e3 h6 9. Bh4 Qb6 10. Qb3 c5 11. Bd3 Qxb3 12. axb3 b6 13. 0-0 Bb7 14. Nd2 Rac8 15. Rfe1 Rfe8 16. Bg3 Nh5 17. Bh2 dxc4 18. bxc4 Red8 19. Nb5 a6 20. Nd6 Bxd6 21. Bxd6 cxd4 22. exd4 Ndf6 23. Be5 Nd7 24. Nb3 Nxe5 25. Rxe5 g6 26. c5 Bd5 27. Bc4 bxc5 28. Nxc5 Bxc4 29. Rxc4 Rd5 0-1